| 000 | 00549nam a22002057a 4500 | ||
|---|---|---|---|
| 003 | OSt | ||
| 005 | 20250206155318.0 | ||
| 008 | 250206b |||||||| |||| 00| 0 eng d | ||
| 020 | _a9781412989169 | ||
| 040 | _cMUST | ||
| 082 |
_222 _a300.72 YIN 2012 |
||
| 100 |
_aYin, Robert K _913563 |
||
| 245 |
_aApplications of case study research/ _cRobert K Yin |
||
| 250 | _a3rd | ||
| 260 |
_aLos Angles: _bSAGE, _c2012 |
||
| 300 |
_axxx,231p. _c23cm |
||
| 504 | _aReferences and Indexes are included | ||
| 650 | _2Social Sciences | ||
| 942 |
_2ddc _cO_SHELF |
||
| 999 |
_c9508 _d9508 |
||